Einführung in die Soziologie der Bildung und Erziehung
| Main Author: | |
|---|---|
| Format: | Print Book |
| Language: | German |
| Subito Delivery Service: | Order now. |
| Check availability: | HBZ Gateway |
| WorldCat: | WorldCat |
| Interlibrary Loan: | Interlibrary Loan for the Fachinformationsdienste (Specialized Information Services in Germany) |
| Published: |
Opladen
Leske + Budrich
2003
|
| In: |
Einführungstexte Erziehungswissenschaft (8)
Year: 2003 |
| Series/Journal: | Einführungstexte Erziehungswissenschaft
8 |
| Standardized Subjects / Keyword chains: | B
Educational sociology
/ Textbook
|
| Further subjects: | B
Educational sociology
B Social inequality B Educational process |
MARC
| LEADER | 00000cam a2200000 cb4500 | ||
|---|---|---|---|
| 001 | 117365948X | ||
| 003 | DE-627 | ||
| 005 | 20251225182227.0 | ||
| 007 | tu | ||
| 008 | 030310s2003 xx ||||| 00| ||ger c | ||
| 015 | |a 03,N10,0507 |2 dnb | ||
| 016 | 7 | |a 966235363 |2 DE-101 | |
| 020 | |a 3825282430 |9 3-8252-8243-0 | ||
| 020 | |a 3810034002 |9 3-8100-3400-2 | ||
| 024 | 3 | |a 9783825282431 | |
| 035 | |a (DE-627)117365948X | ||
| 035 | |a (DE-576)10365948X | ||
| 035 | |a (DE-599)DNB966235363 | ||
| 035 | |a (OCoLC)249084498 | ||
| 040 | |a DE-627 |b ger |c DE-627 |e rakwb | ||
| 041 | |a ger | ||
| 082 | 0 | |a 300 | |
| 084 | |a 22 |a 14 |2 sdnb | ||
| 084 | |a 1 |2 ssgn | ||
| 084 | |a MS 7000 |2 rvk |0 (DE-625)rvk/123776: | ||
| 084 | |a DU 2000 |2 rvk |0 (DE-625)rvk/20043:761 | ||
| 100 | 1 | |0 (DE-588)130424668 |0 (DE-627)50146624X |0 (DE-576)171843770 |4 aut |a Löw, Martina |d 1965- | |
| 109 | |a Löw, Martina 1965- |a Ma ti na Loe beu 1965- |a Matina-Loebeu 1965- |a Loebeu, Matina 1965- |a Roebŭ, Mat'ina 1965- | ||
| 245 | 1 | 0 | |a Einführung in die Soziologie der Bildung und Erziehung |c Martina Löw |
| 263 | |a Kt. : ca. EUR 14.90, ca. CHF 25.80 | ||
| 264 | 1 | |a Opladen |b Leske + Budrich |c 2003 | |
| 300 | |a 153 S. |b Ill., graph. Darst. | ||
| 336 | |a Text |b txt |2 rdacontent | ||
| 337 | |a ohne Hilfsmittel zu benutzen |b n |2 rdamedia | ||
| 338 | |a Band |b nc |2 rdacarrier | ||
| 490 | 1 | |a Einführungstexte Erziehungswissenschaft / hrsg. von Heinz-Hermann Krüger |v 8 | |
| 490 | 0 | |a UTB |v 8243 |a Erziehungswissenschaft | |
| 601 | |a Einführung | ||
| 601 | |a Soziologie | ||
| 601 | |a Bildung | ||
| 650 | 0 | 7 | |0 (DE-588)4075806-0 |0 (DE-627)106084844 |0 (DE-576)209199628 |a Pädagogische Soziologie |2 gnd |
| 650 | 0 | 7 | |0 (DE-588)4055736-4 |0 (DE-627)104270470 |0 (DE-576)209115173 |a Soziale Ungleichheit |2 gnd |
| 650 | 0 | 7 | |0 (DE-588)4145484-4 |0 (DE-627)105590797 |0 (DE-576)209741821 |a Bildungsprozess |2 gnd |
| 689 | 0 | 0 | |d s |0 (DE-588)4075806-0 |0 (DE-627)106084844 |0 (DE-576)209199628 |2 gnd |a Pädagogische Soziologie |
| 689 | 0 | 1 | |d s |0 (DE-588)4123623-3 |0 (DE-627)104270187 |0 (DE-576)209561262 |2 gnd |a Lehrbuch |
| 689 | 0 | |5 DE-101 | |
| 830 | 0 | |a Einführungstexte Erziehungswissenschaft |v 8 |9 8 |w (DE-627)1176166441 |w (DE-576)106166441 |7 am | |
| 935 | |a mteo | ||
| 936 | r | v | |a MS 7000 |b Allgemeines |k Soziologie |k Spezielle Soziologien |k Pädagogische Soziologie |k Allgemeines |0 (DE-627)1271365928 |0 (DE-625)rvk/123776: |0 (DE-576)201365928 |
| 936 | r | v | |a DU 2000 |b Allgemeines und Deutschland |k Pädagogik |k Pädagogische Soziologie |k Soziologie der Erziehung und des Bildungswesens |k Allgemeines und Deutschland |0 (DE-627)1270710923 |0 (DE-625)rvk/20043:761 |0 (DE-576)200710923 |
| 951 | |a MV | ||
| ELC | |b 1 | ||
| ITA | |a 1 | ||
| LOK | |0 000 xxxxxcx a22 zn 4500 | ||
| LOK | |0 001 2423915373 | ||
| LOK | |0 003 DE-627 | ||
| LOK | |0 004 117365948X | ||
| LOK | |0 005 20100408104547 | ||
| LOK | |0 008 031212||||||||||||||||ger||||||| | ||
| LOK | |0 040 |a DE-21-31 |c DE-627 |d DE-21-31 | ||
| LOK | |0 541 |e 03/1455 | ||
| LOK | |0 852 |a DE-21-31 | ||
| LOK | |0 852 1 |c Sb I 116 |m p |9 00 | ||
| LOK | |0 938 |k p | ||
| LOK | |0 938 |l E12 |8 0 | ||
| LOK | |0 939 |a 12-12-03 |b l01 | ||
| LOK | |0 000 xxxxxcx a22 zn 4500 | ||
| LOK | |0 001 2549146131 | ||
| LOK | |0 003 DE-627 | ||
| LOK | |0 004 117365948X | ||
| LOK | |0 005 20110208151348 | ||
| LOK | |0 008 070906||||||||||||||||ger||||||| | ||
| LOK | |0 040 |a DE-21-85 |c DE-627 |d DE-21-85 | ||
| LOK | |0 541 |e 06-149 | ||
| LOK | |0 689 |a s |0 1311080392 |a Bildung | ||
| LOK | |0 689 |a s |0 1311083553 |a Erziehung | ||
| LOK | |0 852 |a DE-21-85 | ||
| LOK | |0 852 1 |c 7.000.2003 |m p |9 00 | ||
| LOK | |0 935 |a k085 |a i085 |a kneu | ||
| LOK | |0 938 |k p | ||
| LOK | |0 939 |a 06-09-07 |b l01 | ||
| ORI | |a SA-MARC-ixtheoa001.raw | ||
| REL | |a 1 | ||
| STA | 0 | 0 | |a Educational process,Educational sociology,Social inequality,Social differences,Textbook |
| STB | 0 | 0 | |a Inégalité sociale,Manuel,Processus éducatif,Sociologie de l'éducation |
| STC | 0 | 0 | |a Desigualdad social,Manual,Proceso educacional,Sociología pedagógica |
| STD | 0 | 0 | |a Disuguaglianza sociale,Diseguaglianza sociale,Diseguaglianza sociale,Manuale didattico,Processo educativo,Sociologia pedagogica |
| STE | 0 | 0 | |a 教科书,社会不平等,社会不公 |
| STF | 0 | 0 | |a 教科書,社會不平等,社會不公 |
| STG | 0 | 0 | |a Desigualdade social,Manual,Processo educacional,Sociologia pedagógica |
| STH | 0 | 0 | |a Образовательный процесс,Педагогическая социология,Социальное неравенство,Учебник |
| STI | 0 | 0 | |a Εγχειρίδιο διδασκαλίας,Εκπαιδευτική διαδικασία,Εκπαιδευτική κοινωνιολογία,Κοινωνική ανισότητα |
| SUB | |a REL | ||
| SYE | 0 | 0 | |a Bildungssoziologie,Erziehung,Erziehung,Erziehungssoziologie,Pädagogik , Gesellschaftliche Ungleichheit,Sozialer Unterschied,Soziale Differenz , Erziehungsprozess |
| SYG | 0 | 0 | |a Bildungssoziologie,Erziehung,Erziehung,Erziehungssoziologie,Pädagogik , Kompendium |



